000 00660nam a2200145 a 4500
008 080408s1998 xx |||||||||||||| || u
050 _aIMF(02)
100 _aAdams, Charles
245 1 0 _aInternational capital markets : developments and prospects
260 _c1998
300 _axii, 196 pages : illustrations
350 _a0.00
995 _aSPECIAL COLLECTIONS
_D0.00
_e027010
_FCBU-MAIN LIBRARY (Kitwe)
_H1
_I0.00
_jIMF(02)98/ 14A
_M1
_UAVAILABLE
_WApr 8, 2008
_y027010
_ZInternational Publications
995 _aSPECIAL COLLECTIONS
_D0.00
_e03002448
_FCBU-MAIN LIBRARY (Kitwe)
_H1
_I0.00
_jIMF(02)98/ 14B
_M2
_UAVAILABLE
_WApr 8, 2008
_yZ03002448
_ZInternational Publications
999 _c77523
_d77523